| 000 | 00469nam a22001697a 4500 | ||
|---|---|---|---|
| 005 | 20241114112212.0 | ||
| 010 | _aENG-142617 | ||
| 020 | _c1975..00 | ||
| 035 | _aEN-126149 | ||
| 037 | _bDBAD/PUB | ||
| 100 |
_aDEY, Ashish _973928 |
||
| 245 |
_aCement & Concrete Products Manufacturing / _cAshish Dey |
||
| 260 |
_aDelhi _bAsia Pacific Business Press Inc. _c2023 |
||
| 270 | _aDelhi | ||
| 300 |
_a472p. _b22cm(pbk) |
||
| 942 |
_2ddc _cEN _mDEY _h666.9 |
||
| 999 |
_c206983 _d206983 |
||